日本百名山 - Statistics

General Stats
  • This quiz has been taken 820 times
  • The average score is 25 of 100
Answer Stats
Answer Elevation % Correct
富士山 3776
95%
北岳 3193
80%
阿蘇山 1592
72%
大山 1729
65%
大雪山 2291
59%
筑波山 877
55%
御嶽山 3067
55%
岩木山 1625
51%
岩手山 2038
48%
立山 3015
48%
浅間山 2568
46%
後方羊蹄山 1898
45%
鳥海山 2236
45%
穂高岳 3190
45%
磐梯山 1816
43%
槍ヶ岳 3180
43%
白山 2702
43%
剣山 1955
43%
赤城山 1828
41%
八ヶ岳 2899
41%
石鎚山 1982
41%
蔵王山 1841
39%
谷川岳 1977
39%
男体山 2486
39%
月山 1984
38%
伊吹山 1377
37%
八甲田山 1584
36%
宮之浦岳 1936
36%
開聞岳 924
35%
雲取山 2017
32%
霧島山 1700
32%
八幡平 1614
28%
奥白根山 2578
28%
十勝岳 2077
27%
妙高山 2454
27%
白馬岳 2932
27%
利尻岳 1721
26%
安達太良山 1709
26%
剱岳 2999
26%
乗鞍岳 3026
26%
木曽駒ヶ岳 2956
26%
甲斐駒ヶ岳 2967
26%
トムラウシ 2141
25%
草津白根山 2171
25%
間ノ岳 3190
25%
羅臼岳 1660
23%
飯豊山 2128
23%
甲武信岳 2475
23%
赤石岳 3120
23%
燧岳 2356
21%
丹沢山 1673
20%
那須岳 1917
19%
焼岳 2455
19%
霧ヶ峰 1925
19%
九重山 1791
19%
朝日岳 1870
18%
斜里岳 1547
17%
早池峰 1917
17%
恵那山 2191
17%
悪沢岳 3141
17%
阿寒岳 1499
15%
天城山 1405
15%
光岳 2591
15%
大台ヶ原山 1695
15%
吾妻山 2035
14%
会津駒ヶ岳 2133
14%
黒部五郎岳 2840
14%
幌尻岳 2052
13%
蓼科山 2530
13%
瑞牆山 2230
13%
苗場山 2145
12%
皇海山 2144
12%
美ヶ原 2034
12%
金峰山 2599
12%
聖岳 3013
12%
四阿山 2354
11%
大菩薩岳 2057
11%
祖母山 1756
11%
魚沼駒ヶ岳 2003
10%
至仏山 2228
10%
武尊山 2158
10%
空木岳 2864
10%
仙丈岳 3033
10%
火打山 2462
9%
鹿島槍岳 2889
9%
常念岳 2857
9%
両神山 1723
9%
塩見岳 3052
9%
荒島岳 1523
9%
大峰山 1915
9%
薬師岳 2926
8%
雨飾山 1963
7%
五竜岳 2814
7%
黒岳 2986
7%
鷲羽岳 2924
7%
鳳凰山 2840
7%
平ヶ岳 2141
6%
巻機山 1967
6%
笠ヶ岳 2797
6%
高妻山 2353
4%
No matching quizzes found
Score Distribution
Percent of People with Each Score
Percentile by Number Answered
Your Score History
You have not taken this quiz